| 000 | 00717cam a22001811 4500 | ||
|---|---|---|---|
| 082 |
_a523.8 _bEDD _cL-tech, p-8 |
||
| 100 | 1 |
_aEddington, Arthur Stanley, _939571 |
|
| 245 | 1 | 0 |
_aStars and atoms, _cby A.S. Eddington ... |
| 260 |
_aNew Haven, _bYale university press; _aLondon, _bH. Milford, Oxford university press, _c1927. |
||
| 300 |
_a127, [1] p. _bfront., plates, diagr. _c23 cm. |
||
| 500 | _aBased on the lectures given by Professor Eddington before the British association at Oxford, and at King's college, London, in 1926. | ||
| 500 | _aPrinted in Great Britain. | ||
| 526 |
_a0 _b0 _c0 _d523_800000000000000_EDD |
||
| 650 | 0 |
_aAtoms. _910462 |
|
| 650 | 0 |
_aMCE _9379 |
|
| 650 | 0 |
_aStars. _939572 |
|
| 942 |
_2ddc _cBK |
||
| 999 |
_c544033 _d544033 |
||